000 00687nam a2200289Ia 4500
005 20260324143609.0
008 008 260324s9999 xx 000 0 eng d
020 _a9780203214770
037 _aEBOOK
040 _aCRL
040 _beng
040 _cCRL
041 _2eng
041 _aeng
084 _qCRL
100 _aFrances Chaput Waksler
_91209506
245 0 _aStudying The Social Worlds Of Children
245 0 _bSociological Readings
260 _bTaylor and Francis
260 _c1991
365 _a
365 _b300
856 _uhttp://www.taylorfrancis.com/books/9780203214770
942 _cEBOOK
999 _c1821805
_d1821805